[Event "Kingston Invitational 3rd"]
[Site "Kingston upon Thames"]
[Date "2024.08.14"]
[Round "5.7"]
[White "Gurner, Jem"]
[Black "Wall, Gavin"]
[Result "1/2-1/2"]
[WhiteElo "2070"]
[BlackElo "2258"]
[PlyCount "103"]
[EventDate "2024.08.12"]
[EventType "swiss"]
[EventRounds "9"]
[EventCountry "ENG"]
[SourceTitle "BritBase"]
[Source "John Saunders"]
[SourceDate "2024.08.18"]
[SourceVersion "1"]
[SourceVersionDate "2024.08.18"]
[SourceQuality "1"]

1. e4 e5 2. Nf3 d6 3. d4 exd4 4. Nxd4 Nf6 5. Nc3 Be7 6. Bf4 O-O 7. Qd2 Nc6 8. O-O-O Nxd4 9. Qxd4 Be6 10. f3 a6 11. g4 b5 12. h4 c5 13. Qe3 b4 14. Na4 Qc7 15. h5 Nd7 16. g5 c4 17. g6 fxg6 18. hxg6 hxg6 19. Bh3 Bxh3 20. Rxh3 Rab8 21. Kb1 Qc6 22. Bg5 Bxg5 23. Qxg5 Rf6 24. b3 c3 25. Rdh1 Kf7 26. Qe3 Nb6 27. Rh8 Rxh8 28. Rxh8 Nxa4 29. bxa4 Qc5 30. Qxc5 dxc5 31. Rh3 a5 32. a3 c4 33. e5 Rc6 34. axb4 axb4 35. Rh8 b3 36. f4 Ra6 37. Rh3 Rxa4 38. Rxc3 Rb4 39. Kb2 Ke6 40. Rg3 c3+ 41. Rxc3 bxc2+ 42. Kxc2 Rxf4 43. Rc6+ Kxe5 44. Rxg6 Rf7 45. Kd3 Kf5 46. Rg1 Re7 47. Rf1+ Kg6 48. Kd4 Kh7 49. Rh1+ Kg8 50. Rg1 Re6 51. Kd5 Kf7 52. Rxg7+ 1/2-1/2

[Event "Kingston Invitational 3rd"]
[Site "Kingston upon Thames"]
[Date "2024.08.14"]
[Round "5.8"]
[White "Liu, Jack"]
[Black "Venkataramanan, TS."]
[Result "1/2-1/2"]
[WhiteElo "2081"]
[BlackElo "2225"]
[PlyCount "106"]
[EventDate "2024.08.12"]
[EventType "swiss"]
[EventRounds "9"]
[EventCountry "ENG"]
[SourceTitle "BritBase"]
[Source "John Saunders"]
[SourceDate "2024.08.18"]
[SourceVersion "1"]
[SourceVersionDate "2024.08.18"]
[SourceQuality "1"]

1. e4 e5 2. Nf3 Nc6 3. Bb5 a6 4. Ba4 Nf6 5. O-O Be7 6. Re1 b5 7. Bb3 d6 8. c3 O-O 9. h3 Nb8 10. d4 Nbd7 11. Nbd2 Bb7 12. Bc2 Re8 13. Nf1 Bf8 14. Ng3 g6 15. a4 c5 16. d5 c4 17. Bg5 h6 18. Be3 Qc7 19. Qd2 Kh7 20. Nh2 Bg7 21. Ng4 Ng8 22. Nf1 Nc5 23. Ngh2 Reb8 24. g4 Bc8 25. Ng3 Bd7 26. a5 Nb7 27. Bb6 Qc8 28. f4 Qe8 29. Rf1 Qe7 30. Rf3 exf4 31. Qxf4 Rf8 32. Raf1 Be8 33. Nf5 Qg5 34. Qxg5 hxg5 35. Nxg7 Kxg7 36. R3f2 Bd7 37. Nf3 f6 38. Nxg5 Nc5 39. Bc7 Nb7 40. Bb6 Nc5 41. Bc7 Nb7 42. Nf3 Rae8 43. Kh2 Ne7 44. Bb6 Nc5 45. Nd2 Nc8 46. Bc7 g5 47. Kg3 Re7 48. Nf3 Rh8 49. Nd4 Rf8 50. Re1 Rfe8 51. Ref1 Rf8 52. Re1 Rfe8 53. Ref1 Rf8 1/2-1/2

[Event "Kingston Invitational 3rd"]
[Site "Kingston upon Thames"]
[Date "2024.08.14"]
[Round "5.9"]
[White "Healey, Michael W"]
[Black "Rushbrooke, Remy"]
[Result "1-0"]
[WhiteElo "2130"]
[BlackElo "2056"]
[PlyCount "55"]
[EventDate "2024.08.12"]
[EventType "swiss"]
[EventRounds "9"]
[EventCountry "ENG"]
[SourceTitle "BritBase"]
[Source "John Saunders"]
[SourceDate "2024.08.18"]
[SourceVersion "1"]
[SourceVersionDate "2024.08.18"]
[SourceQuality "1"]

1. e4 g6 2. Nc3 Bg7 3. d3 c5 4. g3 Nc6 5. Bg2 d6 6. f4 Nd4 7. Nce2 h5 8. c3 Nxe2 9. Qxe2 Bg4 10. Qc2 b5 11. f5 Be5 12. h3 Bxg3+ 13. Kf1 gxf5 14. hxg4 fxg4 15. Ne2 Be5 16. Bg5 Rc8 17. Qd2 Qd7 18. d4 Bg7 19. Ng3 cxd4 20. cxd4 Qe6 21. Nf5 Bf6 22. Kg1 Bxg5 23. Qxg5 Qg6 24. Qd2 Nh6 25. Rxh5 e6 26. Rxh6 Rxh6 27. Nxh6 g3 28. Rc1 1-0

[Event "Kingston Invitational 3rd"]
[Site "Kingston upon Thames"]
[Date "2024.08.14"]
[Round "5.10"]
[White "Patel, Zain"]
[Black "Frostick, Clive A"]
[Result "1-0"]
[WhiteElo "2035"]
[BlackElo "2161"]
[PlyCount "109"]
[EventDate "2024.08.12"]
[EventType "swiss"]
[EventRounds "9"]
[EventCountry "ENG"]
[SourceTitle "BritBase"]
[Source "John Saunders"]
[SourceDate "2024.08.18"]
[SourceVersion "1"]
[SourceVersionDate "2024.08.18"]
[SourceQuality "1"]

1. d4 d5 2. Nf3 e6 3. e3 Nf6 4. Bd3 c5 5. b3 b6 6. O-O Bb7 7. Bb2 Nc6 8. a3 Bd6 9. Nbd2 O-O 10. Qe2 Rc8 11. Ne5 Ne7 12. Rad1 Rc7 13. c4 cxd4 14. exd4 Qa8 15. Rde1 dxc4 16. Ndxc4 Qd8 17. Nxd6 Qxd6 18. Bc4 Bd5 19. Qd2 Rfc8 20. Rc1 Nc6 21. Rfd1 Na5 22. Qd3 b5 23. Bxd5 Qxd5 24. Rc5 Qxb3 25. Qxb3 Nxb3 26. Rxb5 Nd2 27. f3 Nc4 28. Rc1 g6 29. Nxc4 Rxc4 30. Rxc4 Rxc4 31. d5 Nd7 32. Rb7 Rc2 33. dxe6 fxe6 34. Rxd7 Rxb2 35. Rxa7 Ra2 36. a4 h6 37. a5 Kf8 38. h4 h5 39. Kh2 Kg8 40. Kg3 e5 41. a6 Kh8 42. Ra8+ Kg7 43. Kh2 Ra1 44. g3 Ra2+ 45. Kg1 Kh7 46. Kf1 Ra3 47. Ke2 Kg7 48. g4 hxg4 49. fxg4 Ra4 50. Kf3 Rf4+ 51. Kg3 Ra4 52. g5 Ra3+ 53. Kg4 Ra4+ 54. Kf3 Rxh4 55. Rb8 1-0

[Event "Kingston Invitational 3rd"]
[Site "Kingston upon Thames"]
[Date "2024.08.14"]
[Round "5.11"]
[White "Banerjee, Supratit"]
[Black "Walker, Samuel A"]
[Result "1/2-1/2"]
[WhiteElo "2156"]
[BlackElo "2032"]
[PlyCount "80"]
[EventDate "2024.08.12"]
[EventType "swiss"]
[EventRounds "9"]
[EventCountry "ENG"]
[SourceTitle "BritBase"]
[Source "John Saunders"]
[SourceDate "2024.08.18"]
[SourceVersion "1"]
[SourceVersionDate "2024.08.18"]
[SourceQuality "1"]

1. e4 c5 2. c3 d5 3. exd5 Qxd5 4. d4 Nf6 5. Nf3 g6 6. Na3 Bg7 7. Bc4 Qd8 8. O-O cxd4 9. Nxd4 O-O 10. Re1 Nc6 11. Nxc6 bxc6 12. Qxd8 Rxd8 13. Bf4 Nd5 14. Bxd5 Rxd5 15. Nc2 e5 16. Be3 a5 17. a4 Rb8 18. Na3 Ba6 19. Ra2 f5 20. g3 Kf7 21. h4 Ke6 22. Ba7 Rb7 23. Be3 Rb3 24. Nb1 Rb7 25. Nd2 Kf7 26. b3 e4 27. Rc2 Bd3 28. Rcc1 Rd8 29. Red1 Be2 30. Re1 Bg4 31. Nc4 Rxb3 32. Nxa5 Ra3 33. Nxc6 Rc8 34. Na7 Rcxc3 35. Nb5 Rxc1 36. Rxc1 Rxa4 37. Rc7+ Kg8 38. Rc8+ Kf7 39. Rc7+ Kg8 40. Rc8+ Kf7 1/2-1/2

[Event "Kingston Invitational 3rd"]
[Site "Kingston upon Thames"]
[Date "2024.08.14"]
[Round "5.12"]
[White "Fellowes, Billy"]
[Black "Dignam, Matthew P"]
[Result "0-1"]
[WhiteElo "2006"]
[BlackElo "2118"]
[PlyCount "74"]
[EventDate "2024.08.12"]
[EventType "swiss"]
[EventRounds "9"]
[EventCountry "ENG"]
[SourceTitle "BritBase"]
[Source "John Saunders"]
[SourceDate "2024.08.18"]
[SourceVersion "1"]
[SourceVersionDate "2024.08.18"]
[SourceQuality "1"]

1. e4 d6 2. Nf3 Nf6 3. d3 g6 4. g3 Bg7 5. Bg2 O-O 6. O-O c5 7. Nbd2 Nc6 8. c3 b5 9. Re1 Rb8 10. h3 b4 11. c4 a5 12. Nf1 Ne8 13. g4 Nc7 14. Ng3 Ne6 15. h4 a4 16. Qxa4 Ned4 17. Nxd4 Nxd4 18. Qd1 b3 19. axb3 Nxb3 20. Ra2 Nxc1 21. Qxc1 Bxg4 22. h5 Rb3 23. Qg5 Qd7 24. Rea1 h6 25. Qd2 Rfb8 26. hxg6 fxg6 27. Ra7 Rxb2 28. Qf4 g5 29. Rxd7 gxf4 30. Nf5 f3 31. Bf1 Bxf5 32. exf5 Bd4 33. f6 Rxf2 34. fxe7 Kf7 35. Rd8 Kxe7 36. Rxb8 Ra2+ 37. Kh1 Rxa1 0-1

[Event "Kingston Invitational 3rd"]
[Site "Kingston upon Thames"]
[Date "2024.08.14"]
[Round "5.13"]
[White "Taylor, William J"]
[Black "Dicen, Elis Denele"]
[Result "1/2-1/2"]
[WhiteElo "1967"]
[BlackElo "2060"]
[PlyCount "89"]
[EventDate "2024.08.12"]
[EventType "swiss"]
[EventRounds "9"]
[EventCountry "ENG"]
[SourceTitle "BritBase"]
[Source "John Saunders"]
[SourceDate "2024.08.18"]
[SourceVersion "1"]
[SourceVersionDate "2024.08.18"]
[SourceQuality "1"]

1. e4 c5 2. Nf3 d6 3. Bb5+ Bd7 4. Bxd7+ Qxd7 5. c4 e5 6. Nc3 g6 7. d3 Bg7 8. a3 Nc6 9. Rb1 Nge7 10. b4 b6 11. O-O O-O 12. bxc5 bxc5 13. Bd2 f5 14. Nd5 Rac8 15. Qb3 h6 16. Qb7 Qe6 17. Bg5 Rf7 18. Bxe7 Nxe7 19. Nxe7+ Rxe7 20. Qa6 Rf8 21. Rb3 Ref7 22. Nd2 Bf6 23. Nb1 f4 24. f3 g5 25. Rb7 Rxb7 26. Qxb7 Rf7 27. Qb8+ Kh7 28. Nc3 g4 29. Nd5 gxf3 30. Rxf3 Rg7 31. Nxf6+ Qxf6 32. Qc8 Qg5 33. Rf2 h5 34. Qh3 Rb7 35. g3 Rg7 36. Kg2 h4 37. Rf3 Qg4 38. Qxg4 Rxg4 39. Kh3 hxg3 40. hxg3 Rxg3+ 41. Rxg3 fxg3 42. Kxg3 Kg7 43. Kg4 Kg6 44. a4 a5 45. Kh4 1/2-1/2

[Event "Kingston Invitational 3rd"]
[Site "Kingston upon Thames"]
[Date "2024.08.14"]
[Round "5.14"]
[White "Large, Peter G"]
[Black "Young, Daniel J"]
[Result "1/2-1/2"]
[WhiteElo "2336"]
[BlackElo "1926"]
[PlyCount "56"]
[EventDate "2024.08.12"]
[EventType "swiss"]
[EventRounds "9"]
[EventCountry "ENG"]
[SourceTitle "BritBase"]
[Source "John Saunders"]
[SourceDate "2024.08.18"]
[SourceVersion "1"]
[SourceVersionDate "2024.08.18"]
[SourceQuality "1"]

1. e4 e5 2. Nf3 Nc6 3. Bb5 a6 4. Bxc6 dxc6 5. O-O Bg4 6. h3 h5 7. d3 Qf6 8. Nbd2 g5 9. b4 Be6 10. Bb2 Bd6 11. d4 Qh6 12. Nxe5 Bxe5 13. dxe5 O-O-O 14. Qe2 g4 15. Rad1 gxh3 16. g3 Ne7 17. Kh2 h4 18. Nb3 Rdg8 19. Qd2 hxg3+ 20. fxg3 Qh5 21. Qe3 Ng6 22. Qa7 Qe2+ 23. Qf2 Qxe4 24. Rfe1 Qg2+ 25. Qxg2 hxg2+ 26. Kxg2 Nf4+ 27. Kf3 Nd5 28. Rd4 Rh2 1/2-1/2

[Event "Kingston Invitational 3rd"]
[Site "Kingston upon Thames"]
[Date "2024.08.14"]
[Round "5.15"]
[White "Verma, Shlok"]
[Black "Gallagher, Daniel GH"]
[Result "1/2-1/2"]
[WhiteElo "2060"]
[BlackElo "2253"]
[PlyCount "38"]
[EventDate "2024.08.12"]
[EventType "swiss"]
[EventRounds "9"]
[EventCountry "ENG"]
[SourceTitle "BritBase"]
[Source "John Saunders"]
[SourceDate "2024.08.18"]
[SourceVersion "1"]
[SourceVersionDate "2024.08.18"]
[SourceQuality "1"]

1. d4 Nf6 2. c4 g6 3. Nc3 Bg7 4. e4 d6 5. Nge2 Nbd7 6. Ng3 h5 7. Be2 h4 8. Nf1 c6 9. Bg5 Nh7 10. Be3 e5 11. d5 c5 12. Qd2 Bf6 13. g3 Bg5 14. f4 Bh6 15. O-O-O Qe7 16. Nb5 O-O 17. f5 Bxe3 18. Nxe3 Ndf6 19. fxg6 fxg6 1/2-1/2

[Event "Kingston Invitational 3rd"]
[Site "Kingston upon Thames"]
[Date "2024.08.14"]
[Round "5.16"]
[White "Hasson, Peter"]
[Black "Lalic, Peter D"]
[Result "1/2-1/2"]
[WhiteElo "1984"]
[BlackElo "2181"]
[PlyCount "37"]
[EventDate "2024.08.12"]
[EventType "swiss"]
[EventRounds "9"]
[EventCountry "ENG"]
[SourceTitle "BritBase"]
[Source "John Saunders"]
[SourceDate "2024.08.18"]
[SourceVersion "1"]
[SourceVersionDate "2024.08.18"]
[SourceQuality "1"]

1. c4 d5 2. cxd5 Nf6 3. Nc3 c6 4. dxc6 Nxc6 5. Nf3 e5 6. d3 Bb4 7. Bd2 O-O 8. e3 Bf5 9. Qb1 Re8 10. Ne4 Bxe4 11. dxe4 Rc8 12. a3 Bxd2+ 13. Nxd2 Ng4 14. Be2 Qh4 15. Bxg4 Qxg4 16. O-O Red8 17. Qd1 Qd7 18. Nf3 Qg4 19. Nd2 1/2-1/2

[Event "Kingston Invitational 3rd"]
[Site "Kingston upon Thames"]
[Date "2024.08.14"]
[Round "5.17"]
[White "Josse, Mark"]
[Black "Payne, Matthew J"]
[Result "1-0"]
[WhiteElo "2141"]
[BlackElo "2080"]
[PlyCount "99"]
[EventDate "2024.08.12"]
[EventType "swiss"]
[EventRounds "9"]
[EventCountry "ENG"]
[SourceTitle "BritBase"]
[Source "John Saunders"]
[SourceDate "2024.08.18"]
[SourceVersion "1"]
[SourceVersionDate "2024.08.18"]
[SourceQuality "1"]

1. Nf3 Nf6 2. c4 g6 3. e3 Bg7 4. d4 O-O 5. Be2 d6 6. Nc3 Nbd7 7. O-O b6 8. d5 Nc5 9. Nd4 Bd7 10. Bf3 Qc8 11. h3 Nb7 12. b3 e5 13. dxe6 fxe6 14. Bb2 c6 15. Rc1 Qe8 16. e4 e5 17. Nc2 Rd8 18. Ne3 Qe7 19. Qe2 Nc5 20. Qd1 Ne6 21. Bg4 Nxg4 22. Nxg4 Nf4 23. Ne2 h5 24. Nh2 Qg5 25. Nxf4 Rxf4 26. Qd3 Rdf8 27. Rce1 Qe7 28. Rd1 R4f6 29. Bc1 Qf7 30. Be3 Bc8 31. Rd2 Bb7 32. Bg5 Re6 33. Rfd1 Bf6 34. Nf3 Qe7 35. h4 Rd8 36. Qe3 Bxg5 37. Nxg5 Rf6 38. f3 Rd7 39. Rd3 Rf8 40. Qd2 Rfd8 41. b4 Ba6 42. Qc3 b5 43. c5 dxc5 44. Rxd7 Rxd7 45. Rxd7 Qxd7 46. Qxc5 Qd2 47. Qxc6 Qe3+ 48. Kh1 Qe1+ 49. Kh2 Qxh4+ 50. Nh3 1-0

[Event "Kingston Invitational 3rd"]
[Site "Kingston upon Thames"]
[Date "2024.08.14"]
[Round "5.18"]
[White "Seymour, Timothy P"]
[Black "Wilson, Ewan"]
[Result "1-0"]
[WhiteElo "2124"]
[BlackElo "1983"]
[PlyCount "139"]
[EventDate "2024.08.12"]
[EventType "swiss"]
[EventRounds "9"]
[EventCountry "ENG"]
[SourceTitle "BritBase"]
[Source "John Saunders"]
[SourceDate "2024.08.18"]
[SourceVersion "1"]
[SourceVersionDate "2024.08.18"]
[SourceQuality "1"]

1. Nf3 d5 2. e3 Nf6 3. c4 c6 4. Nc3 e6 5. b3 Nbd7 6. Bb2 Bd6 7. d4 O-O 8. Be2 Ne4 9. O-O f5 10. Bd3 Rf6 11. Ne2 Rh6 12. Ne5 Qh4 13. h3 Ng5 14. Nf4 Nf7 15. cxd5 exd5 16. Nxf7 Kxf7 17. Bxf5 Nf6 18. Qd3 Bxf4 19. Bxc8 Bh2+ 20. Kxh2 Rxc8 21. Qf5 Re8 22. g3 Rh5 23. Qxd5+ Nxd5 24. gxh4 Rxh4 25. Rg1 Rhe4 26. Rg4 R4e6 27. Rag1 g6 28. Rg5 Nf6 29. Kg2 Ne4 30. Ra5 Rf6 31. Rf1 a6 32. f3 Nd6 33. e4 Rfe6 34. d5 cxd5 35. Rxd5 Nb5 36. Rc1 Rd6 37. Rxd6 Nxd6 38. Rc7+ Ke6 39. a4 Rc8 40. Rxc8 Nxc8 41. f4 Ne7 42. Kf3 Nc6 43. Bc3 b5 44. axb5 axb5 45. Kg4 b4 46. Be1 Kf7 47. Kg5 Kg7 48. Bf2 Na5 49. Bd4+ Kf7 50. Bc5 Nxb3 51. Bxb4 Nd4 52. Kh6 Ne6 53. Bd2 Kg8 54. h4 Nd8 55. Kg5 Kf7 56. h5 Kg7 57. Bc3+ Kf7 58. Kh6 gxh5 59. Kxh5 Ne6 60. f5 Nc5 61. e5 Ne4 62. Be1 Kg7 63. Bh4 Nc5 64. Bf6+ Kf7 65. Bd8 Nd3 66. e6+ Ke8 67. Bc7 Ke7 68. Bg3 Kf6 69. Kh6 Nb4 70. Bh4+ 1-0

[Event "Kingston Invitational 3rd"]
[Site "Kingston upon Thames"]
[Date "2024.08.14"]
[Round "5.19"]
[White "Andal, Edmond"]
[Black "Buckley, Graeme N"]
[Result "1-0"]
[WhiteElo "1960"]
[BlackElo "2293"]
[PlyCount "79"]
[EventDate "2024.08.12"]
[EventType "swiss"]
[EventRounds "9"]
[EventCountry "ENG"]
[SourceTitle "BritBase"]
[Source "John Saunders"]
[SourceDate "2024.08.18"]
[SourceVersion "1"]
[SourceVersionDate "2024.08.18"]
[SourceQuality "1"]

1. d4 Nf6 2. Nf3 e6 3. Bg5 h6 4. Bxf6 Qxf6 5. Nbd2 b6 6. e3 Bb7 7. Bd3 g6 8. Qe2 Bg7 9. c3 Qe7 10. h3 d6 11. e4 Nd7 12. Ba6 Bxa6 13. Qxa6 O-O 14. O-O Qd8 15. Nb3 c6 16. Rfe1 Qc7 17. Qe2 Rab8 18. Rad1 b5 19. e5 d5 20. Qe3 b4 21. Rc1 bxc3 22. Rxc3 Qb6 23. Rec1 Rfc8 24. Ne1 Bf8 25. Nd3 a5 26. h4 h5 27. g4 Kh7 28. Qf3 Kg8 29. gxh5 Bh6 30. R1c2 Nf8 31. Qg4 Kh7 32. Nbc5 gxh5 33. Qxh5 Ng6 34. Ne1 Rg8 35. Rg3 Nh8 36. Nf3 Rxg3+ 37. fxg3 Qa7 38. Ng5+ Kg7 39. Rf2 Qe7 40. Rf6 1-0

[Event "Kingston Invitational 3rd"]
[Site "Kingston upon Thames"]
[Date "2024.08.14"]
[Round "5.20"]
[White "Zhao, George"]
[Black "Skettos, Nicolas"]
[Result "1/2-1/2"]
[WhiteElo "2014"]
[BlackElo "1985"]
[PlyCount "105"]
[EventDate "2024.08.12"]
[EventType "swiss"]
[EventRounds "9"]
[EventCountry "ENG"]
[SourceTitle "BritBase"]
[Source "John Saunders"]
[SourceDate "2024.08.18"]
[SourceVersion "1"]
[SourceVersionDate "2024.08.18"]
[SourceQuality "1"]

1. d4 Nf6 2. c4 e6 3. g3 c5 4. d5 exd5 5. cxd5 b5 6. Bg2 d6 7. e4 Bb7 8. Ne2 g6 9. a3 Bg7 10. Nbc3 a6 11. O-O O-O 12. h3 Re8 13. b4 Nbd7 14. Bf4 cxb4 15. axb4 Nb6 16. Qd3 Nc4 17. Rfc1 Rc8 18. Ra2 Qb6 19. Rac2 Nh5 20. Bd2 Nxd2 21. Qxd2 Be5 22. Kf1 Rc4 23. g4 Nf6 24. Nd1 Nxe4 25. Bxe4 Rxe4 26. f3 Rc4 27. Rxc4 bxc4 28. Rxc4 Qb5 29. Ne3 Bf6 30. Re4 Rxe4 31. fxe4 Bg5 32. Kf2 Qa4 33. Qc3 Qe8 34. Kf3 Qe7 35. Qd4 Bf6 36. Qb6 Be5 37. Nc4 f5 38. Nxe5 fxe4+ 39. Kg2 dxe5 40. d6 Qd7 41. Kh2 Kf7 42. Nc3 Ke6 43. b5 axb5 44. Nxb5 Bc6 45. Na7 Bd5 46. Nb5 Bc6 47. Na7 Kxd6 48. Qb8+ Ke6 49. Qg8+ Kf6 50. Qh8+ Ke6 51. Qg8+ Kf6 52. Qh8+ Ke6 53. Qg8+ 1/2-1/2

[Event "Kingston Invitational 3rd"]
[Site "Kingston upon Thames"]
[Date "2024.08.14"]
[Round "5.21"]
[White "Pal, Rohan"]
[Black "Clarke, Connor"]
[Result "1-0"]
[WhiteElo "2046"]
[BlackElo "2048"]
[PlyCount "95"]
[EventDate "2024.08.12"]
[EventType "swiss"]
[EventRounds "9"]
[EventCountry "ENG"]
[SourceTitle "BritBase"]
[Source "John Saunders"]
[SourceDate "2024.08.18"]
[SourceVersion "1"]
[SourceVersionDate "2024.08.18"]
[SourceQuality "1"]

1. c4 Nf6 2. g3 e6 3. Bg2 d5 4. Nf3 Be7 5. O-O O-O 6. b3 d4 7. d3 c5 8. e3 Nc6 9. exd4 Nxd4 10. Bb2 Rb8 11. Nxd4 cxd4 12. Re1 b5 13. Qc2 bxc4 14. bxc4 Qa5 15. Nd2 e5 16. Bxd4 exd4 17. Rxe7 Qa3 18. Rae1 Be6 19. Rb7 Bf5 20. Rb3 Qa5 21. Re2 Nd7 22. Rxb8 Rxb8 23. Nb3 Qa4 24. Be4 Bxe4 25. Rxe4 Nc5 26. Rxd4 Nxb3 27. Qxb3 Qxb3 28. axb3 Kf8 29. Kf1 Rxb3 30. Ke2 Ke7 31. Rd5 Ra3 32. Ke3 Ke6 33. f4 g6 34. h4 Ra1 35. h5 a5 36. hxg6 hxg6 37. Kd4 a4 38. Ra5 a3 39. Kc5 Rg1 40. Rxa3 Rxg3 41. Ra6+ Kf5 42. d4 Rf3 43. d5 Rxf4 44. d6 Ke6 45. Ra7 g5 46. Re7+ Kf6 47. Re1 Rf2 48. Rd1 1-0

[Event "Kingston Invitational 3rd"]
[Site "Kingston upon Thames"]
[Date "2024.08.14"]
[Round "5.22"]
[White "Pirgon, Joshua"]
[Black "Bharat Kumar, Balahari"]
[Result "1/2-1/2"]
[WhiteElo "1982"]
[BlackElo "2031"]
[PlyCount "121"]
[EventDate "2024.08.12"]
[EventType "swiss"]
[EventRounds "9"]
[EventCountry "ENG"]
[SourceTitle "BritBase"]
[Source "John Saunders"]
[SourceDate "2024.08.18"]
[SourceVersion "1"]
[SourceVersionDate "2024.08.18"]
[SourceQuality "1"]

1. e4 c5 2. Nf3 d6 3. d4 cxd4 4. Nxd4 Nf6 5. Nc3 a6 6. Bg5 e6 7. Qf3 Be7 8. O-O-O Qa5 9. Be3 Nbd7 10. Rg1 Qc7 11. g4 Ne5 12. Qe2 b5 13. f4 Nc4 14. g5 Nxe3 15. Qxe3 Nd7 16. f5 Ne5 17. Nf3 Bd7 18. Nxe5 dxe5 19. fxe6 fxe6 20. Rg3 b4 21. Nb1 O-O 22. Qb3 Rfc8 23. Bc4 Qxc4 24. Qxc4 Rxc4 25. Rxd7 Kf8 26. Nd2 Rd4 27. Rxd4 exd4 28. Nf3 Rd8 29. Ne5 Rc8 30. Kd1 Bd6 31. Rf3+ Ke7 32. Nd3 e5 33. Rf5 Ke6 34. h4 a5 35. h5 Rc7 36. Kd2 Rc8 37. Kd1 a4 38. Kd2 Rb8 39. Kd1 Rc8 40. Kd2 Rd8 41. Kd1 Rb8 42. Kd2 Rf8 43. Rxf8 Bxf8 44. Ke2 Be7 45. Kf3 b3 46. cxb3 axb3 47. axb3 Bxg5 48. Nc5+ Kd6 49. Nd3 Ke6 50. Nc5+ Kd6 51. Nd3 Be7 52. Kg4 Ke6 53. Kf3 Kf6 54. Kg4 g6 55. hxg6 hxg6 56. Kh4 Ke6+ 57. Kg4 Kd6 58. Kg3 Bf6 59. Kf3 Kc6 60. Kg3 Kb5 61. Kf3 1/2-1/2

[Event "Kingston Invitational 3rd"]
[Site "Kingston upon Thames"]
[Date "2024.08.15"]
[Round "6.1"]
[White "Browning, Alex"]
[Black "Murphy, Conor E"]
[Result "1/2-1/2"]
[WhiteElo "2267"]
[BlackElo "2460"]
[PlyCount "82"]
[EventDate "2024.08.12"]
[EventType "swiss"]
[EventRounds "9"]
[EventCountry "ENG"]
[SourceTitle "BritBase"]
[Source "John Saunders"]
[SourceDate "2024.08.18"]
[SourceVersion "1"]
[SourceVersionDate "2024.08.18"]
[SourceQuality "1"]

1. e4 e5 2. Nf3 Nc6 3. Bb5 a6 4. Ba4 Nf6 5. d4 exd4 6. O-O Be7 7. e5 Ne4 8. Nxd4 O-O 9. Nf5 d5 10. exd6 Bxf5 11. dxe7 Nxe7 12. c4 Nc5 13. Be3 Nxa4 14. Qxa4 Ng6 15. Rd1 Qf6 16. Nc3 c6 17. Qb4 Nh4 18. Rd6 Be6 19. Ne4 Qg6 20. Ng3 Nf5 21. Nxf5 Qxf5 22. Rad1 b5 23. Rxc6 Bxc4 24. b3 Bd5 25. Qc5 Rad8 26. Rd6 Rxd6 27. Qxd6 Bb7 28. h3 Re8 29. Qe7 Qe4 30. Qg5 h6 31. Qg3 Re6 32. Rd4 Qc6 33. Rg4 Rg6 34. Rxg6 fxg6 35. f3 Kh7 36. Kh2 a5 37. Qe5 Qd7 38. Bd4 Bd5 39. Bc3 a4 40. bxa4 bxa4 41. a3 Bb3 1/2-1/2

[Event "Kingston Invitational 3rd"]
[Site "Kingston upon Thames"]
[Date "2024.08.15"]
[Round "6.2"]
[White "Czopor, Maciej"]
[Black "Lim, Zhuo Ren"]
[Result "1/2-1/2"]
[WhiteElo "2364"]
[BlackElo "2278"]
[PlyCount "65"]
[EventDate "2024.08.12"]
[EventType "swiss"]
[EventRounds "9"]
[EventCountry "ENG"]
[SourceTitle "BritBase"]
[Source "John Saunders"]
[SourceDate "2024.08.18"]
[SourceVersion "1"]
[SourceVersionDate "2024.08.18"]
[SourceQuality "1"]

1. e4 c5 2. Nf3 d6 3. d4 cxd4 4. Nxd4 Nf6 5. Nc3 a6 6. f3 e5 7. Nb3 Be6 8. Be3 Be7 9. Qd2 O-O 10. O-O-O Nbd7 11. g4 b5 12. g5 Nh5 13. Nd5 Bxd5 14. exd5 f6 15. gxf6 Bxf6 16. Na5 Nf4 17. Nc6 Qe8 18. Kb1 Qh5 19. Bxf4 exf4 20. Qxf4 Ne5 21. Nxe5 Bxe5 22. Qg4 Qxg4 23. fxg4 Rf2 24. h3 Rc8 25. Bd3 g6 26. a3 Kg7 27. Rhf1 Rh2 28. Rf3 Rc7 29. Rg1 Bd4 30. Re1 Be5 31. Rg1 Bd4 32. Re1 Be5 33. Rg1 1/2-1/2

[Event "Kingston Invitational 3rd"]
[Site "Kingston upon Thames"]
[Date "2024.08.15"]
[Round "6.3"]
[White "Healey, Michael W"]
[Black "Larkin, Vladyslav"]
[Result "0-1"]
[WhiteElo "2130"]
[BlackElo "2471"]
[PlyCount "48"]
[EventDate "2024.08.12"]
[EventType "swiss"]
[EventRounds "9"]
[EventCountry "ENG"]
[SourceTitle "BritBase"]
[Source "John Saunders"]
[SourceDate "2024.08.18"]
[SourceVersion "1"]
[SourceVersionDate "2024.08.18"]
[SourceQuality "1"]

1. b4 d5 2. Bb2 Bg4 3. Nf3 Nd7 4. c4 e6 5. cxd5 exd5 6. e3 a5 7. b5 Nc5 8. Qc2 Nf6 9. Ne5 Bh5 10. Ba3 Ncd7 11. Bxf8 Nxe5 12. Ba3 Qd7 13. d3 O-O-O 14. Qc3 d4 15. Qxa5 Qg4 16. Nd2 dxe3 17. fxe3 Rxd3 18. Bc5 Rhd8 19. Qa8+ Kd7 20. Qxb7 Ke6 21. Qa6+ Kf5 22. Nf3 Nxf3+ 23. gxf3 Qh4+ 24. Ke2 Rd2# 0-1

[Event "Kingston Invitational 3rd"]
[Site "Kingston upon Thames"]
[Date "2024.08.15"]
[Round "6.4"]
[White "Bezuidenhout, Roland"]
[Black "Hobson, Kenneth"]
[Result "1/2-1/2"]
[WhiteElo "2270"]
[BlackElo "2266"]
[PlyCount "86"]
[EventDate "2024.08.12"]
[EventType "swiss"]
[EventRounds "9"]
[EventCountry "ENG"]
[SourceTitle "BritBase"]
[Source "John Saunders"]
[SourceDate "2024.08.18"]
[SourceVersion "1"]
[SourceVersionDate "2024.08.18"]
[SourceQuality "1"]

1. Nf3 Nf6 2. g3 d5 3. Bg2 e6 4. O-O Be7 5. d3 O-O 6. Nbd2 c5 7. e4 Nc6 8. Re1 b5 9. exd5 exd5 10. d4 c4 11. Ne5 Bb7 12. a4 a6 13. axb5 axb5 14. Nxc6 Bxc6 15. Rxa8 Bxa8 16. Nf1 Re8 17. Bg5 h6 18. Bxf6 Bxf6 19. Rxe8+ Qxe8 20. Ne3 Qe6 21. h4 b4 22. c3 bxc3 23. bxc3 Bc6 24. Qh5 g6 25. Qxh6 Bd8 26. h5 g5 27. Qxe6 fxe6 28. Bh3 Bd7 29. Kf1 Ba5 30. Nd1 Kg7 31. Ke2 Kf6 32. Kd2 Be8 33. Bg4 e5 34. dxe5+ Kxe5 35. Ne3 Bf7 36. h6 Bg8 37. Nf5 Bh7 38. Nd4 Bb6 39. Ne6 Bxf2 40. Nxg5 Bxg3 41. Nxh7 Bf4+ 42. Ke2 Bxh6 43. Bh5 d4 1/2-1/2